Industriálna krajina? : Stredoslovenské banské mestá v 16. - 18. storočí /
Salvato in:
| Altri autori: | |
|---|---|
| Natura: | Libro |
| Lingua: | slovacco |
| Pubblicazione: |
Bratislava :
Slovenská národná galéria,
2010
|
| Edizione: | 1. vydanie |
| Soggetti: | |
| Tags: |
Nessun Tag, puoi essere il primo ad aggiungerne!!
|
MARC
| LEADER | 00000nam a22000003a 4500 | ||
|---|---|---|---|
| 001 | 0032200 | ||
| 003 | SK-STU | ||
| 005 | 20190325172541.3 | ||
| 007 | ta | ||
| 008 | 180405s ----xo-----e------000-0-----d | ||
| 020 | |a 978-80-8059-154-0 | ||
| 040 | |a STU |b slo | ||
| 041 | 0 | |a slo | |
| 044 | |a xo | ||
| 100 | 1 | |a Chmelinová, Katarína |4 edt | |
| 245 | 1 | 0 | |a Industriálna krajina? : |b Stredoslovenské banské mestá v 16. - 18. storočí / |c ed. Katarína Chmelinová |
| 250 | |a 1. vydanie | ||
| 260 | |a Bratislava : |b Slovenská národná galéria, |c 2010 | ||
| 300 | |a 192 s. | ||
| 650 | 0 | 7 | |a kresťanské náboženstvo |
| 650 | 0 | 7 | |a výtvarné umenie |
| 650 | 0 | 7 | |a 18.storočie |
| 650 | 0 | 7 | |a historická krajina |
| 650 | 0 | 7 | |a kultúrno-historická topografia |
| 650 | 0 | 7 | |a stredoslovenské banské mestá |
| 650 | 0 | 7 | |a barokové umenie |
| 650 | 0 | 7 | |a Schmidt, Anton |
| 996 | |b 284AU07339 |c A* 10588/U |l AAKNST |s P |a 0 |w 0032200_0001 | ||